| 000 | 00317nam a2200109 4500 | ||
|---|---|---|---|
| 008 | 180219b xxu||||| |||| 00| 0 eng d | ||
| 245 | _aDrought reduces Bt maize area, but sector still upbeat. | ||
| 260 |
_aPhilippines _bThe Philippine Star _cc2016 |
||
| 300 | _apage B-7. | ||
| 650 | 0 |
_926628 _aDrought. |
|
| 942 |
_2ddc _cPER |
||
| 999 |
_c8732 _d8732 |
||